[Event "150th Dundee Grandmaster Chess"]
[Site "Dundee"]
[Date "2017.07.15"]
[Round "1"]
[White "Kapnisis, Spyridon"]
[Black "Rozentalis, Eduardas"]
[Result "1/2-1/2"]
[WhiteElo "2466"]
[BlackElo "2509"]
[Annotator "TA"]
[PlyCount "59"]
[EventDate "2017.??.??"]
[EventCountry "SCO"]
[SourceTitle "playchess.com"]
[Source "ChessBase"]
[SourceQuality "1"]

{[%evp 18,59,35,37,36,25,66,60,67,54,58,56,91,93,94,93,97,74,94,85,89,91,132,62,57,40,61,60,99,73,73,71,85,7,12,0,83,0,27,0,83,0,31,0]} 1. e4 {[%cal Be2e4,Be4e5][%mdl 32]} e6 2. d4 d5 3. Nd2 {[%cal Bb1d2,Bd2b3,Bb3d4][%mdl 32]} Nf6 4. e5 Nfd7 5. f4 c5 6. Ngf3 Nc6 7. Nb3 cxd4 8. Nbxd4 Bc5 9. c3 {[%cal Bc2c3,Bc3d4][%mdl 32] C05: French Tarrasch: 3...Nf6 4 e5 Nfd7, 5 f4 and 5 Bd3 sidelines} Qb6 10. Be2 {LiveBook: 3 Games} (10. h4 Nxd4 11. cxd4 Be7 12. Qc2 Qc6 13. Qb3 Qb6 14. Bb5 Bd8 15. Bd2 a6 16. Bd3 Nb8 17. Qc2 {1-0 (34) Pap,M (2496)-Gorodetzky,D (2350) Veliko Gradiste 2016}) 10... O-O 11. O-O f6 {[%cal Rf6e5]} 12. Kh1 $1 Nxd4 13. cxd4 Be7 14. Rb1 $146 ({Predecessor:} 14. Bd3 f5 15. h3 Rf7 16. g4 Nf8 17. Qe2 {½-½ (65) Van den Berg,A (2207)-Van de Groep,W (1970) Vlissingen 2010}) 14... a5 15. Bd3 f5 16. Be3 Nb8 17. g4 Nc6 18. a3 Bd7 19. Rg1 Rac8 20. gxf5 (20. Rg3 $16) 20... exf5 $14 21. Ng5 {aiming for Nxh7!} Bxg5 22. Rxg5 Ne7 23. Qe2 Rf7 24. Rbg1 Rc6 25. Bb5 (25. h4 $16) 25... Rc7 $11 26. Bd3 (26. Bxd7 $11 Rxd7 27. h4) 26... Rc6 $1 $16 27. Bb5 ({White should play} 27. h4 $16) 27... Rc7 $11 28. Bd3 (28. Bxd7 $11 Rxd7 29. Bd2) 28... Rc6 $16 29. Bb5 (29. R5g3 $16) 29... Rc7 $14 30. Bd3 {Precision: White = 52%, Black = 60%.} 1/2-1/2

[Event "150th Dundee Grandmaster Chess"]
[Site "Dundee"]
[Date "2017.07.15"]
[Round "1"]
[White "Greet, Andrew N"]
[Black "McNab, Colin A"]
[Result "1/2-1/2"]
[WhiteElo "2447"]
[BlackElo "2435"]
[Annotator "TA"]
[PlyCount "113"]
[EventDate "2017.??.??"]
[EventCountry "SCO"]
[SourceTitle "playchess.com"]
[Source "ChessBase"]
[SourceQuality "1"]

{[%evp 14,113,25,12,16,18,21,21,21,20,18,0,0,8,8,16,6,6,16,11,11,14,16,18,18,4,15,17,16,11,24,6,11,6,19,0,0,0,0,0,0,-26,-27,-27,8,-36,-37,-96,-45,-20,-6,-63,-66,-70,-70,-83,-99,-78,-43,-58,-59,-47,-6,-89,0,-61,-68,-241,-235,-235,-216,-212,-208,-191,-117,-183,0,0,0,0,0,0,14,0,0,0,0,0,0,0,0,0,0,0,8,0,0,0,0,0,0,0]} 1. d4 d6 2. Nf3 g6 3. c4 Bg7 4. Nc3 Nd7 {[%cal Bb8d7,Bd7c5,Bc5e4][%mdl 32]} 5. e3 e5 6. Be2 Ne7 {A41: 1 d4 d6: Tartakower System and Modern Defence} 7. b3 O-O 8. Bb2 {LiveBook: 3 Games} exd4 9. Nxd4 Nc5 10. O-O Nf5 11. Qd2 $146 ({Predecessor:} 11. Nd5 c6 12. Nxf5 Bxf5 13. Bxg7 Kxg7 {1-0 (42) Pedersen,E (2400)-Andreasen,P (2275) Denmark 1995}) 11... Re8 12. Nxf5 Bxf5 13. Nd5 Ne4 14. Qc1 Bxb2 15. Qxb2 c6 16. Nf4 Qf6 17. Qxf6 Nxf6 18. Rfd1 Rad8 19. Bf3 g5 (19... Be6 $5) 20. Nh5 Nxh5 21. Bxh5 Kf8 22. Rd4 Re4 23. Rd2 g4 24. h3 gxh3 25. g3 Re6 26. Kh2 Ke7 27. Rd4 Be4 28. Bg4 c5 (28... f5 $5 {[%cal Rf5g4]} 29. Be2 c5 $17) 29. Rd2 Rf6 30. Rad1 (30. Rc1 $15) 30... d5 ({Black should play} 30... Rg8 $17 31. Bh5 Rg5) 31. cxd5 $15 Rfd6 32. Rc1 (32. Rb2 $11) 32... Rxd5 33. Rxd5 Rxd5 {[%mdl 4096] Endgame KRB-KRB} 34. f3 Rd2+ 35. Kxh3 Bc2 36. Bc8 b6 37. Kg4 Bg6 38. e4 (38. Ra1 $1 $11 {remains equal.}) 38... a5 ({Better is} 38... Rxa2 $17 39. Rd1 Ra3) 39. Bb7 (39. Ra1 $11) 39... Rxa2 40. f4 $2 ({White should try} 40. Bd5 $15) 40... f6 $19 41. Bd5 Rh2 {And now ...Bh5+ would win.} 42. Kf3 Bh5+ 43. Ke3 Re2+ 44. Kd3 {[#] aiming for Rh1.} Rg2 $2 (44... Bg4 $1 $19 {Hoping for ...Rg2.} 45. Rc2 Re1) 45. Rh1 $11 {The position is equal.} Rxg3+ 46. Kd2 Be8 {Threatens to win with ...h5.} (46... Bg6 $5 47. f5 $8 Be8 48. Rxh7+ Kd6 $11) 47. Rxh7+ Kd8 48. Rb7 b5 49. Rb6 a4 50. bxa4 bxa4 51. Rxf6 a3 52. Ra6 Kc7 53. f5 {[#] Strongly threatening f6.} Bb5 54. Ra8 Rd3+ 55. Kc2 Rf3 56. f6 Rxf6 57. Rxa3 {Precision: White = 45%, Black = 72%.} 1/2-1/2

[Event "150th Dundee Grandmaster Chess"]
[Site "Dundee"]
[Date "2017.07.15"]
[Round "1"]
[White "Cramling, Pia"]
[Black "Petr, Martin"]
[Result "1/2-1/2"]
[WhiteElo "2443"]
[BlackElo "2486"]
[Annotator "TA"]
[PlyCount "71"]
[EventDate "2017.??.??"]
[EventCountry "SCO"]
[SourceTitle "playchess.com"]
[Source "ChessBase"]
[SourceQuality "1"]

{[%evp 19,71,14,17,6,10,0,0,0,8,0,0,0,23,4,29,12,17,12,14,11,27,12,12,17,11,0,14,10,21,0,0,0,0,0,0,0,0,0,0,0,0,0,0,0,0,0,0,0,0,0,0,0,0,0]} 1. d4 Nf6 2. c4 g6 3. Nc3 d5 4. Bf4 Bg7 5. e3 O-O 6. Rc1 Be6 {D83: Grünfeld: 4 Bf4 Bg7 5 e3 0-0} 7. cxd5 (7. c5 c6 8. Bd3 Bc8 9. Bg3 b6 10. b4 Nh5 11. Bh4 a5 12. cxb6 axb4 13. Na4 Nd7 14. Rxc6 {½-½ (31) Wojtaszek,R (2750)-Nepomniachtchi,I (2767) Wijk aan Zee 2017}) 7... Nxd5 8. Nxd5 Qxd5 9. b3 Qa5+ 10. Qd2 Qxd2+ {LiveBook: 8 Games} 11. Kxd2 c6 12. Bc4 (12. Nf3 {looks sharper.} Rd8 13. Bc7 Rc8 14. Bg3 Nd7 15. Bc4) 12... Bxc4 13. Rxc4 Nd7 14. Nf3 {[#]} f6 $146 (14... Nb6 $5 {[%cal Rb6c4]}) ({Predecessor:} 14... a5 15. a4 Nb6 16. Rc5 Nd7 17. Rc4 Nb6 18. Rc5 Nd7 19. Rc4 {½-½ (19) Savina,A (2429)-Lagno,K (2530) Chita 2015}) 15. Bg3 a5 16. Rb1 Rfc8 17. Ne1 Bf8 18. Nd3 e6 19. a4 c5 20. dxc5 Nxc5 {The position is equal.} 21. Nxc5 Bxc5 22. Rbc1 (22. Ke2 $5 {[%cal Rb1c1]}) 22... b6 23. Ke2 Rd8 24. Rd1 Rxd1 25. Kxd1 $11 {[%mdl 4096] Endgame KRB-KRB} Kf7 26. Ke2 Ke7 27. e4 Kd7 28. Bf4 Kc6 (28... e5 $5 {[%cal Re5f4]} 29. Bd2 Rc8 $11) 29. Be3 f5 30. f3 h5 31. h4 Rd8 32. Bg5 Rd7 33. Bd2 Rd8 34. Bg5 Rd7 35. Bd2 Rd8 36. Bg5 {Precision: White = 51%, Black = 75%.} 1/2-1/2

[Event "150th Dundee Grandmaster Chess"]
[Site "Dundee"]
[Date "2017.07.15"]
[Round "1"]
[White "Pritchett, Craig W"]
[Black "Arakhamia-Grant, Ketevan"]
[Result "0-1"]
[WhiteElo "2326"]
[BlackElo "2364"]
[Annotator "TA"]
[PlyCount "162"]
[EventDate "2017.??.??"]
[EventCountry "SCO"]
[SourceTitle "playchess.com"]
[Source "ChessBase"]
[SourceQuality "1"]

{[%evp 16,162,37,25,68,44,50,44,41,41,41,41,43,39,49,15,20,19,33,26,22,0,0,-93,-88,-112,0,-15,-8,-117,-76,-136,-95,-131,-72,-83,-67,-129,-89,-85,-76,-97,-72,-83,-60,-72,-63,-65,-54,-91,-92,-100,-112,-92,-66,-61,-62,-106,-104,-101,-78,-154,-149,-169,-92,-256,-182,-252,-164,-189,-177,-247,-182,-165,0,-208,-214,-258,-257,-306,-320,-304,-324,-323,-314,-298,-318,-314,-302,-293,-264,-320,-311,-321,-318,-439,-438,-438,-431,-421,-411,-422,-400,-406,-382,-398,-391,-417,-412,-432,-420,-431,-418,-435,-415,-412,-292,-409,-385,-435,-394,-593,-522,-1895,-1663,-2704,-674,-12834,-12835,-12835,-12835,-12836,-12836,-12834,-12834,-12835,-12836,-2437,-5497,-12839,-12838,-12838,-12837,-12841,-12840,-12841,-12840,-29982,-12847]} 1. Nf3 c5 2. c4 Nc6 3. Nc3 g6 4. e3 Bg7 5. d4 cxd4 6. exd4 d6 7. d5 Ne5 8. Nxe5 Bxe5 9. Be2 Bg7 {A35: Symmetrical English: 2 Nc3 Nc6 3 Nf3} 10. O-O Nh6 11. Bf4 O-O {White is slightly better.} 12. Qd2 Nf5 13. Bd3 Re8 14. Rfe1 a6 $146 ({Predecessor:} 14... Bd7 15. Bxf5 Bxf5 16. Bh6 Bh8 17. Be3 {1-0 (38) Nikolaidis,I (2538)-Shavtvaladze,N (2383) Athens 2006}) 15. Re4 Bd7 16. Rae1 b5 17. cxb5 axb5 18. Bf1 Qa5 19. b4 (19. a3 $11 {remains equal.}) 19... Qb6 $17 20. Bg5 e5 ({But not} 20... Bxc3 21. Qxc3 Rxa2 22. R1e2 $15) (20... Rac8 $17 21. Rc1 h6) 21. dxe6 $1 $11 fxe6 {White must now prevent ...h6.} 22. Nd1 (22. a4 $11) 22... d5 23. R4e2 (23. Ne3 $142) 23... Rac8 24. Qd3 Rf8 (24... Qd6 $142 25. Ne3 Nd4) 25. Rc2 $17 Rc4 26. Qd2 (26. Ne3 $15) 26... Rxc2 27. Qxc2 Rc8 28. Qd2 Kh8 29. Bd3 Nd6 30. Be7 Nc4 (30... Re8 $5 {[%cal Re8e7]} 31. Qg5 Qc6 $15) 31. Qg5 Qd4 32. Bf1 Qd2 33. Qxd2 Nxd2 34. Bc5 Nxf1 35. Kxf1 e5 36. Nc3 Bc6 37. f3 Ra8 38. Re2 (38. a4 $142) 38... Kg8 39. Rd2 Kf7 (39... d4 $19 40. Ne4 Bd5) 40. Ke2 $2 {[#]} (40. Ne2 $17) 40... Ke6 41. Rc2 (41. Kf2 {was worth a try.}) 41... Bh6 42. Nb1 Kd7 43. Nd2 (43. Be3 {is a better defense.} Bf8 44. a3) 43... Ra3 44. Nb1 Ra8 45. Nd2 $1 d4 46. Nb3 Ra3 47. Bb6 Bd5 48. Rc7+ Kd6 49. Ra7 Bc4+ 50. Ke1 Rxa7 51. Bxa7 $19 {[%mdl 4096] Endgame KBB-KBN} Kd5 52. Bc5 Be3 53. Nd2 Bxa2 54. Ne4 h5 55. h4 Bc4 56. Nf6+ Ke6 57. Ne4 Bd3 58. Ng5+ Kf6 59. Bd6 Bc4 60. Bc7 Kf5 61. Ne4 Bd3 62. Nc5 Bc2 63. Ke2 Bf4 64. Bd8 Bh6 65. Be7 Bb1 66. Bd8 (66. Kd1 {was called for.}) 66... Bc1 67. g3 Bb2 68. Be7 (68. Bg5 $142) 68... Bc3 69. Nd3 Ke6 70. Bc5 Kd5 (70... Bxd3+ $142 71. Kxd3 Be1) 71. Bf8 Bxd3+ 72. Kxd3 {KB-KB} Be1 73. Be7 Bxg3 74. Bd8 Be1 75. Be7 Ke6 76. Bd8 Bxb4 77. Bc7 Bd6 78. Bd8 b4 {[%cal Bb5b4,Bb4b3][%mdl 32]} 79. Bg5 b3 80. Bc1 Bb4 81. f4 Bc3 {Precision: White = 28%, Black = 60%.} 0-1

[Event "150th Dundee Grandmaster Chess"]
[Site "Dundee"]
[Date "2017.07.15"]
[Round "2"]
[White "Rozentalis, Eduardas"]
[Black "Pritchett, Craig"]
[Result "1-0"]
[WhiteElo "2509"]
[BlackElo "2326"]
[Annotator "TA"]
[PlyCount "71"]
[EventDate "2017.??.??"]
[EventCountry "SCO"]
[SourceTitle "playchess.com"]
[Source "ChessBase"]
[SourceQuality "1"]

{[%evp 9,71,9,19,12,24,12,9,-1,0,-16,37,34,90,25,50,52,56,59,81,72,83,72,66,75,105,79,79,65,86,82,123,146,151,182,169,168,211,209,200,204,178,187,198,214,287,267,357,246,368,332,439,387,574,489,800,759,1043,700,1029,1021,1243,1212,1259,1246]} 1. e4 c5 2. Nf3 e6 3. g3 Nc6 4. Bg2 Nf6 5. Qe2 (5. Nc3 d6 6. d4 cxd4 7. Nxd4 Bd7 8. Be3 Be7 9. f4 O-O 10. O-O Nxd4 11. Bxd4 Qc7 12. e5 dxe5 13. Bxe5 Qb6+ 14. Bd4 Qc7 15. Be5 Qb6+ 16. Bd4 Qc7 17. Be5 {½-½ (17) Lu,S (2620)-Zhou,J (2613) Xinghua 2017}) 5... Qc7 6. O-O {B40: Sicilian: 2...e6, Unusual lines} Be7 7. c3 d5 8. e5 {The position is equal.} Nd7 $1 {[%cal Rd7e5]} 9. d4 b6 $146 ({Black should play} 9... O-O $11) ({Predecessor:} 9... O-O 10. Bf4 Re8 11. Na3 Qb6 12. dxc5 Nxc5 13. Nb5 Bd7 {0-1 (52) Feliciano Ebert,V (2200)-Terao,J (2290) Rio de Janeiro 2017}) 10. Na3 $14 h6 (10... a6 $14) 11. h4 (11. Nb5 $16 Qb8 12. c4) 11... Bb7 12. Nb5 Qb8 13. Bf4 Ba6 14. Nd6+ Qxd6 15. Qxa6 Qc7 16. Qe2 c4 17. h5 b5 18. Nh2 Nb6 19. Qg4 Kd7 20. b3 {[%cal Bb2b3,Bb3b4][%mdl 32]} (20. Qxg7 $2 Rag8 $19) 20... Rag8 21. a4 {[%cal Ba2a4,Ba4a5][%mdl 32]} Na5 22. b4 ({Don't do} 22. axb5 $6 Nxb3 23. Ra2 Qb7 $14) 22... Nb3 23. a5 ({Inferior is} 23. axb5 Nxa1 24. Rxa1 Kc8 $15) 23... Na4 24. Rxa4 $1 bxa4 25. Bxd5 $1 g5 26. Bc1 {[%mdl 1024] White has strong compensation.} Ke8 27. Bg2 Qd7 28. Qe2 Qb5 (28... Nxc1 $142 29. Rxc1 Kf8 30. Qxc4 Kg7) 29. Ng4 Kd7 30. Bb2 Rc8 (30... Kc7 $142 31. Ne3 Rd8) 31. Rd1 {White is clearly winning.} a3 (31... Rcd8 $142 32. d5 Kc7) 32. Bxa3 $18 Qa4 33. Bb2 Ke8 34. d5 exd5 35. Bxd5 Kf8 36. Qf3 {Precision: White = 78%, Black = 28%.} 1-0

[Event "150th Dundee Grandmaster Chess"]
[Site "Dundee"]
[Date "2017.07.15"]
[Round "2"]
[White "Petr, Martin"]
[Black "Arkell, Keith C"]
[Result "1-0"]
[WhiteElo "2486"]
[BlackElo "2411"]
[Annotator "TA"]
[PlyCount "105"]
[EventDate "2017.??.??"]
[EventCountry "SCO"]
[SourceTitle "playchess.com"]
[Source "ChessBase"]
[SourceQuality "1"]

{[%evp 9,105,36,41,53,40,54,62,49,63,56,61,42,80,68,113,109,127,121,139,132,170,150,231,137,138,149,147,150,150,146,150,150,150,141,133,140,123,109,145,95,99,20,17,22,146,44,120,124,122,116,125,117,115,92,83,68,68,70,75,75,82,82,82,83,86,22,22,22,22,22,36,22,132,131,163,171,395,397,527,528,477,465,662,651,1336,1521,1414,1270,1411,1262,5616,5536,4594,4618,29969,29968,29981,29982]} 1. e4 c6 2. d4 d5 3. e5 c5 4. dxc5 Nc6 5. f4 (5. Nf3 Bg4 6. c3 e6 7. b4 a6 8. Nbd2 Nxe5 9. Qa4+ Nd7 10. Ne5 Ngf6 11. c4 a5 12. Nb3 axb4 13. Qb5 Be7 {0-1 (53) Topalov,V (2760)-Nakamura,H (2779) London 2016}) 5... e6 6. Be3 $1 {B12: Caro-Kann: Advance Variation} d4 7. Bf2 Bxc5 8. Nd2 {White is slightly better.} Nge7 {[%cal Bg8e7,Be7d5,Bd5e3][%mdl 32]} 9. a3 Nd5 $146 ({Predecessor:} 9... Nf5 10. Bd3 O-O 11. Qf3 f6 12. exf6 gxf6 {1-0 (33) Solozhenkin,E (2443)-Arkell,K (2411) Hersonissos 2017}) 10. Qf3 g5 11. g3 gxf4 12. gxf4 Ne3 13. Bd3 Bd7 14. Ne2 Qa5 15. c3 {Hoping for cxd4.} dxc3 (15... Be7 $16 16. Rg1 (16. Nxd4 Nxd4 17. Qxe3 Nf5 $16) (16. cxd4 Nd5 $16) 16... Qa4) 16. bxc3 (16. Nxc3 $18 Nf5 17. Bxc5 Qxc5 18. Nde4) 16... Nf5 $16 17. Bxc5 Qxc5 18. Ne4 Qe3 19. Nd6+ Kf8 20. Qxe3 Nxe3 21. Kd2 ({Much less strong is} 21. Nxb7 $6 Nxe5 22. fxe5 Bc6 $14) 21... Nf5 22. Bxf5 exf5 23. Nxb7 f6 24. Nc5 Rd8 25. Nd4 ({White should try} 25. Kc2 $16) 25... fxe5 $11 26. fxe5 {next Ke3 is good for White.} Nxe5 (26... Bc8 $11) 27. Rhf1 (27. Kc2 $1 $16) 27... Nc6 ({Black should play} 27... Bc8 $1 $14) 28. Nxd7+ $16 Rxd7 29. Rxf5+ Ke7 30. Re1+ Kd8 31. Kd3 Rg8 32. Rf6 Nxd4 33. cxd4 $14 {[%mdl 4096] Endgame KRR-KRR} Rg4 34. Re4 Rg2 35. Rh4 Ra2 36. Ra6 Ra1 37. Ke4 (37. Kc2 $16) 37... Re1+ $11 38. Kf5 Rf7+ 39. Kg5 Rg1+ 40. Kh6 Rd7 (40... Rg2 $11 {keeps the balance.}) 41. Rf4 $16 Kc8 {[#]} 42. h4 $1 Kb7 $2 (42... Rh1 {might work better.} 43. Rc6+ Kd8) 43. Raf6 $18 Rd1 {[#]} 44. h5 $1 Kc7 45. Rg4 Rh1 (45... Re1 $142 46. Rg7 Ree7 47. Rxe7 Rxe7) 46. Rf5 Ra1 47. Rg7 Rxg7 48. Kxg7 Rxa3 49. Kxh7 {KR-KR} a5 50. h6 {[%cal Bh5h6,Bh6h7][%mdl 32]} a4 51. Rg5 Rd3 52. Kg7 a3 53. h7 {Precision: White = 71%, Black = 32%.} 1-0

[Event "150th Dundee Grandmaster Chess"]
[Site "Dundee"]
[Date "2017.07.15"]
[Round "2"]
[White "Cramling, Pia"]
[Black "Greet, Andrew N"]
[Result "1-0"]
[WhiteElo "2443"]
[BlackElo "2447"]
[Annotator "TA"]
[PlyCount "95"]
[EventDate "2017.??.??"]
[EventCountry "SCO"]
[SourceTitle "playchess.com"]
[Source "ChessBase"]
[SourceQuality "1"]

{[%evp 17,95,11,33,8,15,12,19,22,14,0,31,25,31,44,47,18,18,11,20,0,9,-27,59,74,67,74,62,64,87,72,125,77,101,102,172,166,205,202,298,165,172,133,153,122,128,54,120,53,47,54,150,142,110,37,129,123,138,138,138,138,141,123,168,168,665,637,739,640,645,624,2372,2428,1129,2371,29984,29985,29985,29986,29991,29992]} 1. Nf3 d5 2. d4 Nf6 3. c4 e6 4. g3 Bb4+ 5. Bd2 Be7 6. Bg2 O-O 7. O-O c6 8. Qc2 Nbd7 9. Rd1 Ne4 10. Be1 {E11: Bogo-Indian} (10. Bf4 g5 11. Be3 f5 12. Nc3 Nd6 13. b3 Bf6 14. Qc1 h6 15. h4 Nf7 16. hxg5 hxg5 17. Na4 Qe7 {1-0 (36) Giri,A (2771)-Carlsen,M (2832) Leuven 2017}) 10... f5 11. Nbd2 Bd6 12. b4 $146 {The position is equal.} ({Predecessor:} 12. Nb3 Qe7 13. Nc1 Ndf6 14. Nd3 Bd7 15. c5 Bc7 16. b4 Be8 17. a4 Ng4 {1-0 (40) Civin,T (2383)-Cerjak,A Stare Mesto 2003}) 12... Qe7 13. Rab1 b5 14. c5 {[#] Black must now prevent Nxe4.} Bc7 15. Nb3 g5 16. Nc1 g4 17. Nh4 Qg7 18. f3 Ng5 19. Bf2 (19. f4 $5 {[%cal Rf4g5]} Ne4 20. e3 $11) 19... Nh3+ (19... f4 $11) 20. Bxh3 $1 $14 gxh3 21. Kh1 $1 a5 22. a3 {[%cal Ba2a3,Ba3b4][%mdl 32]} Nf6 23. Nd3 Bd7 (23... Kh8 $142) 24. Rg1 axb4 25. axb4 Ra4 (25... Qh6 $16) 26. Be3 Rfa8 27. Bf4 Bd8 (27... R4a7 {is a better defense.} 28. Qc1 Bc8) 28. Be5 (28. Qc1 $142) 28... Ra2 29. Qd1 {Threatens to win with g4!} Qh6 30. Nf4 Nh5 31. Qf1 (31. Nxh3 $16 Kf8 32. Ng2) 31... Be8 (31... Nxf4 $1 $14 32. gxf4+ Kf7) 32. Qxh3 (32. Nxh3 $16 Nf6 33. Bf4) 32... Nxf4 $1 33. Bxf4 Qh5 (33... Bg5 $1 $14) 34. Qf1 $16 Bf6 35. Qd1 (35. Qf2 $16) 35... h6 (35... Qf7 $14) 36. Ng2 Kh7 37. Bd6 Bg5 38. Nf4 Qf7 39. Be5 Qd7 40. h4 Be7 $2 (40... Bxf4 41. gxf4 Bg6) 41. Qf1 $18 Bf7 {Black hopes to continue with ...Qd8.} 42. Qh3 Rg8 43. g4 Bf8 44. gxf5 exf5 45. Rxg8 Kxg8 46. Rg1+ {White mates.} Kh7 47. Qg3 Qa7 {[#]} 48. Nh5 $1 {[%mdl 512] Precision: White = 57%, Black = 25%.} 1-0

[Event "150th Dundee Grandmaster Chess"]
[Site "Dundee"]
[Date "2017.07.15"]
[Round "2"]
[White "McNab, Colin A"]
[Black "Kapnisis, Spyridon"]
[Result "1/2-1/2"]
[WhiteElo "2435"]
[BlackElo "2466"]
[Annotator "TA"]
[PlyCount "140"]
[EventDate "2017.??.??"]
[EventCountry "SCO"]
[SourceTitle "playchess.com"]
[Source "ChessBase"]
[SourceQuality "1"]

{[%evp 17,140,11,11,11,17,8,13,20,17,17,14,4,6,-29,-16,-65,-52,-68,-67,-130,-127,-131,-129,-148,-98,-90,-93,-96,-103,-102,-102,-100,-100,-104,-85,-93,-56,-77,-84,-84,-84,-98,-103,-98,-90,-95,-88,-133,-83,-88,-80,-112,-41,-183,-181,-137,-8,-10,0,-150,-97,-136,-135,-123,-83,-96,-90,-93,-39,-100,-7,-10,0,-1,0,-123,-123,-116,0,0,0,-114,-119,-105,-117,-112,0,0,0,-109,-6,-16,0,0,0,0,0,-18,0,0,0,0,0,0,58,0,0,0,0,0,0,0,0,0,0,0,0,0,0,0,0,0,0,0,0]} 1. c4 g6 2. g3 Bg7 3. Bg2 Nf6 4. Nf3 O-O 5. O-O d5 6. cxd5 Nxd5 7. Nc3 Nc6 8. d4 Nxc3 9. bxc3 e5 {[%cal Re5d4]} 10. Bg5 {D74: Fianchetto Grünfeld: Main Line (5 Nf3 0-0 6 cxd5 Nxd5 7 0-0)} (10. d5 Na5 11. Nd2 Re8 12. Rb1 c6 13. dxc6 Nxc6 14. Qa4 Qc7 15. Ne4 Bf5 16. Rxb7 Qxb7 17. Nd6 Qc7 18. Qxc6 Qxc6 19. Bxc6 {1-0 (47) Vachier Lagrave,M (2745)-Salem,A (2564) Caleta 2014}) 10... f6 $146 ({Predecessor:} 10... Qd6 11. d5 Na5 12. Nd2 f5 13. Qa4 b6 14. Nb3 Nxb3 15. axb3 e4 16. Qc4 Bb7 17. Rfd1 Rf7 {1-0 (40) Strikovic,A (2508)-Del Rey,D (2373) Burgas 2001}) 11. Be3 e4 $1 {[%cal Re4f3]} 12. Nd2 f5 $1 13. f3 exf3 14. Nxf3 Be6 15. Qd2 Na5 16. Bh6 Nc4 17. Qf4 Bd5 $1 18. Nd2 (18. Bxg7 $15 Kxg7 19. Rfd1) 18... Bxh6 $17 19. Qxh6 Bxg2 $1 20. Kxg2 Re8 21. Nxc4 Qd5+ $1 22. Kf2 {Black must now prevent Ne5.} Qxc4 23. Qd2 Re4 24. e3 Rae8 25. Rfe1 Qe6 26. Rab1 g5 27. d5 Qd6 28. Rb4 b6 29. Rxe4 Rxe4 {[%mdl 4096] Endgame KQR-KQR} ({Much weaker is} 29... fxe4 $6 30. Kg2 $11) 30. Qd1 h6 31. Qb3 Kg7 32. Qb5 a5 33. Re2 h5 34. Rd2 h4 (34... Qc5 $1 $17 {[%cal Rc5e3]} 35. Qxc5 bxc5) 35. Qc6 (35. Rd4 $1 $15) 35... hxg3+ $19 36. hxg3 Kf6 (36... Qe5 $1 $17 37. Rd3 Rg4) 37. Qa8 $1 $11 Kg7 38. Qc8 (38. Qc6 $1 $11) 38... Re7 (38... Qe5 $142 39. Qd8 Rg4 40. Qd7+ Kg6 41. Qc6+ Kh5) 39. c4 Qe5 40. Re2 Qe4 {And now ...g4 would win.} 41. Qd8 g4 {...Qf3+ is the strong threat.} 42. Kg1 Qe5 (42... a4 $1 $17) 43. Kf1 ({White should try} 43. Kg2 $1 $15) 43... Kf7 (43... a4 $1 $17) 44. Rf2 Qe4 45. Qc8 $1 Kg6 46. Kg1 (46. Rf4 $1 $11 {remains equal.} Qb1+ 47. Kg2) 46... Qe5 $1 $17 {[%cal Re5g3]} 47. Kf1 Qa1+ 48. Kg2 Qe5 49. Kf1 Re8 $1 {[%cal Re8c8]} 50. Qd7 Rh8 $1 {[%cal Rh8h1]} 51. Ke2 {[#]} Rh3 ({Black should play} 51... Rh1 $1 $17 52. Qe6+ Qxe6 53. dxe6 Kf6) 52. Qc8 $11 Rh8 (52... Rh7 $11) 53. Qd7 $17 {[#]} Rh7 (53... Rh1 $1 $17 {( -> ...Qb2+)} 54. Qe6+ Qxe6 55. dxe6 Kf6) 54. Qc8 $11 Qb2+ (54... b5 $5 {[%cal Re5b2]} 55. Qg8+ Rg7 56. Qe6+ Qxe6 57. dxe6 b4 $15) 55. Kd3 $1 Qb1+ 56. Kc3 Qe4 57. Kd2 $1 Re7 (57... b5 $5) 58. Qg8+ Rg7 59. Qc8 b5 (59... Qe5 $5 {[%cal Re5b2]} 60. Kd3 Re7 61. Qg8+ Rg7 $11) 60. Rf4 Qe5 (60... Qb1 $11) 61. e4 ({Better is} 61. Qe6+ $1 $14 Qxe6 62. dxe6) 61... Qd4+ {The position is equal.} 62. Ke2 Qxc4+ 63. Ke1 Qc1+ 64. Kf2 Qc2+ 65. Kg1 Qd1+ ({And not} 65... fxe4 66. Qxg4+ Kh7 67. Qh5+ Kg8 68. Qe8+ Kh7 69. Rh4#) 66. Kg2 Qe2+ 67. Kg1 Qe1+ 68. Kg2 {aiming for Qe6+.} Qe2+ 69. Kg1 Qe1+ 70. Kg2 {Threatens to win with Qe6+.} Qe2+ {Precision: White = 65%, Black = 55%.} 1/2-1/2